Practical packet analysis : using Wireshark to solve real-world network problems (Record no. 198408)

MARC details
000 -LEADER
fixed length control field 00509nam a2200169Ia 4500
005 - DATE AND TIME OF LATEST TRANSACTION
control field 20250529120100.0
008 - FIXED-LENGTH DATA ELEMENTS--GENERAL INFORMATION
fixed length control field 231217s9999 xx 000 0 und d
020 ## - INTERNATIONAL STANDARD BOOK NUMBER
International Standard Book Number 9781593278021
082 ## - DEWEY DECIMAL CLASSIFICATION NUMBER
Classification number 004.66 SAN;1 R
100 ## - MAIN ENTRY--PERSONAL NAME
Personal name Sanders, Chris.
245 #0 - TITLE STATEMENT
Title Practical packet analysis : using Wireshark to solve real-world network problems
250 ## - EDITION STATEMENT
Edition statement 3rd ed
260 ## - PUBLICATION, DISTRIBUTION, ETC. (IMPRINT)
Date of publication, distribution, etc. 2017
Name of publisher, distributor, etc. No Starch press
Place of publication, distribution, etc. San Francisco
300 ## - PHYSICAL DESCRIPTION
Extent xxi, 345
650 ## - SUBJECT ADDED ENTRY--TOPICAL TERM
Topical term or geographic name as entry element packet,using,Wireshark,real-world,network
942 ## - ADDED ENTRY ELEMENTS (KOHA)
Koha item type Books
Holdings
Date last seen Total Checkouts Full call number Accession number Old discount Cost, replacement price Price effective from Category Lost status Damaged status Department Withdrawn status bill no. Permanent Location Current Location Shelving location Entry date Vendor Cost, normal purchase price Grants Currency symbol Conversion rate Discount Discount type
26/01/2024   004.66 SAN;1 R 91967   1698.00 26/01/2024 Books     CS   403-3843264-098133 Central Library Central Library CS 27/02/2018 Amazon.com 1698.00 CS RS 1   Rupees

© For any Suggestions or Query, please contact the library staff @ librarian@pes.edu or Phone: +9180 2672 1983/ 2108.